Thou shalt simplify. (Record no. 60641)
[ view plain ]
| 000 -LEADER | |
|---|---|
| fixed length control field | 00540cam a2200169 4500 |
| 001 - CONTROL NUMBER | |
| control field | ABS60963 |
| 008 - FIXED-LENGTH DATA ELEMENTS--GENERAL INFORMATION | |
| fixed length control field | 000000n1999 000 0 eng u |
| 035 ## - SYSTEM CONTROL NUMBER | |
| System control number | (Sirsi) u101509 |
| 100 ## - MAIN ENTRY--PERSONAL NAME | |
| Personal name | Lupton, M. |
| 245 ## - TITLE STATEMENT | |
| Title | Thou shalt simplify. |
| 260 ## - PUBLICATION, DISTRIBUTION, ETC. | |
| Date of publication, distribution, etc. | 1999 |
| 490 ## - SERIES STATEMENT | |
| Series statement | Housing Today |
| Volume/sequential designation | (144) 29 July 1999, 16-17(2) |
| 520 ## - SUMMARY, ETC. | |
| Summary, etc. | Looking ahead to a housing green paper, the author considers how the government can come up with a national rent setting formula that will suit everyone. |
| 650 ## - SUBJECT ADDED ENTRY--TOPICAL TERM | |
| Topical term or geographic name entry element | RENTS |
| 690 ## - LOCAL SUBJECT ADDED ENTRY--TOPICAL TERM (OCLC, RLIN) | |
| Topical term or geographic name as entry element | HOUSING |
| 942 ## - ADDED ENTRY ELEMENTS (KOHA) | |
| Suppress in OPAC | 0 |
| Withdrawn status | Lost status | Source of classification or shelving scheme | Damaged status | Not for loan | Home library | Current library | Shelving location | Date acquired | Total Checkouts | Full call number | Barcode | Date last seen | Copy number | Price effective from | Koha item type |
|---|---|---|---|---|---|---|---|---|---|---|---|---|---|---|---|
| Dewey Decimal Classification | London | London | Journal article | 05/11/1999 | ABS60963 | 101509-1001 | 06/08/2019 | 1 | 06/08/2019 | Journal article |